000 00880nam a22000977a 4500
008 160222b xxu||||| |||| 00| 0 eng d
100 _aSem, Peter
245 _aBayern Spezialkatalog. Band 1, Handbuch Kreuzerausgaben, 6. Auflage (1985)
_bBavaria Specialized catalog vol 1 (1985)
260 _aBamberg, Germany
_bp. Sem
_c1985
650 _aGermany | Bavaria (1849-1920) | German States | Catalogs and Price Lists | Definitive Issues | 19th Century | Production | Errors and Varieties | Plates and Plating | Essays and Proofs | Imperforate Issues | Embossed Issues | Postage Dues | Telegraph Issues | Postal Stationery | Postal Markings | Mixed Markings | Postal History | Covers | Postal Rates | Post Offices | Postal Agencies | Military Mail | Railway Mail | Registered Mail | Telegrams | Collecting -- Identification | Forgeries and Counterfeits | Bogus and Forged | Expertizing | Experts
999 _c1801
_d1801